Liste des vainqueurs de la Liga - Statistiques

Statistiques générales
  • Ce quiz a été pris 810 fois
  • Le résultat moyen est 6 sur 9
Statistiques - réponses
Titre Club % Correct
35 Real Madrid
99%
27 Barcelone
98%
11 Atletico Madrid
92%
1 Seville
87%
6 Valence
82%
1 Real Betis
63%
2 Real Sociedad
60%
1 Deportivo la corogne
37%
8 Atletic Bilbao
32%
Aucun quiz correspondant
Distribution des résultats
% des personnes avec chaque résultat
Percentile par nombre de réponses
Votre historique - résultats
Vous n’avez pas pris ce quiz